000 01934nam a2200409 i 4500
001 5521
003 KOSZ 005
005 20200629110754.0
008 200629s1992 pl f 000 0 pol d
020 _a8321335705
040 _cKOSZ 005
_aKOSZ 005
_dKOSZ 005/AR
046 _k1992
080 _a69:728
080 _a69:728.3
100 1 _aWojciechowski, Lech
_eAutor
245 0 _aChcę budować :
_binformator dla budujących indywidualnie /
_cLech Wojciechowski.
250 _aWydanie 5 zmienione i rozszerzone.
260 _aWarszawa :
_bArkady,
_c1992.
300 _a158 stron :
_bilustracje ;
_c22 x 23 cm.
336 _aTekst
_btxt
_2rdacontent
337 _aBez urządzenia pośredniczącego
_bn
_2rdamedia
338 _aWolumin
_bnc
_2rdacarrier
380 _aPublikacje fachowe
388 _a1901-2000
388 _a1989-2000
500 _aDruk trzyszpaltowy.
520 _aW książce opisano zagospodarowanie działki, organizację i zasady prowadzenia robót budowlanych, materiały stosowane w budownictwie niskim oraz koszty budowy. Podano wiadomości i projektach powtarzalnych i indywidualnych i uzyskaniu pozwolenia na budowę, a także obowiązujące przepisy dla budownictwa indywidualnego. W obecnym wydaniu dużo miejsca poświęcono ochronie cieplnej budynków nowo wznoszonych i istniejących oraz racjonalnemu rozplanowaniu wnętrza domu.
521 _aKsiążka przeznaczona jest dla szerokiej rzeszy czytelników, którzy mają zamiar realizować obiekty na swoje potrzeby ze środków własnych.
650 _aBudownictwo mieszkaniowe
650 _aBudownictwo jednorodzinne
655 _aInformator
655 _aPoradnik
658 _aArchitektura i budownictwo
710 _4pbl
_aWydawnictwo Arkady
856 _uhttp://koha.tu.koszalin.pl/cgi-bin/koha/opac-detail.pl?biblionumber=5521
_yKatalog online BPK
942 _2UKD
_cKS
999 _c5521
_d5521